000 00572nam a22001937a 4500
999 _c9431
_d9431
003 AR-CdUCM
008 190328b ||||| |||| 00| 0 spa d
040 _aMUNICIPALIDAD PROVINCIAL DEL CUSCO
_cBIBLIOTECA MUNICIPAL DEL CUSCO
082 _a869.33 /
_bAR69
100 _aArenas, Braulio
_910183
245 _aAdiós a la Familia /
260 _aChile :
_bEdiciones Los Cuatro Elementos ;
_c1961.
300 _a53 páginas ;
_c19cm
505 _aContenido: Novela
650 _aLiteratura chilena
_92985
650 _aSiglo XX
_98
942 _2ddc
_cLIBROS
945 _anom